Rugby World Cup Winners - Statistics

General Stats
  • This quiz has been taken 95 times
  • The average score is 10 of 10
Answer Stats
Year Answer % Correct
1987 New Zealand
100%
1995 South Africa
99%
2003 England
96%
2011 New Zealand
96%
2019 South Africa
96%
1999 Australia
95%
2015 New Zealand
95%
2007 South Africa
95%
1991 Australia
94%
2023 South Africa
94%
No matching quizzes found
Score Distribution
Percent of People with Each Score
Percentile by Number Answered
Your Score History
You have not taken this quiz